000 01551cab a2200445 4500
001 ABS54780
008 090401t1996 xxu||||| |||| 00| 0 eng d
035 _a(Sirsi) u12233
041 _aeng
245 _aEstates Times European Review
260 _c1996
300 _aLOAN
350 _a0
490 _aEstates Times
_vSupplement 8 March 1996, (74)
520 _aFeatures the Paris refurbishment office market, the retail sector in France, Belgium, Germany and Austria including an assessment of potential growth for development across Europe, Berlin offices and German factory outlets investment opportunities in Eastern Europe including Warsaw, Prague, Kiev and St Petersburg, retail planning in the Netherlands, Spanish business parks and Portuguese retail investment.
650 _aAUSTRIA
650 _aBELGIUM
650 _aBERLIN
650 _aPROPERTY-COMMERCIAL PROPERTY
650 _aEUROPE
650 _aFRANCE
650 _aGERMANY
650 _aHAMBURG
650 _aHOTELS
650 _aINVESTMENT MARKET
650 _aKIEV
650 _aNETHERLANDS
650 _aPROPERTY-COMMERCIAL PROPERTY-OFFICE PROPERTY-OFFICE PROPERTY MARKET
650 _aPORTUGAL
650 _aPRAGUE
650 _aRefurbishment
_96264
650 _aPROPERTY-COMMERCIAL PROPERTY-RETAIL PROPERTY-RETAIL PROPERTY MARKET
650 _aSPAIN
650 _aST PETERSBURG
650 _aWARSAW
690 _aPROPERTY-COMMERCIAL PROPERTY-RETAIL PROPERTY
690 _aOVERSEAS-EUROPE
942 _n0
948 _c04/03/1997
999 _c7831
_d7831